Giải pháp tăng tốc Windows XP

Giới thiệu thủ thuật, cách tinh chỉnh và xác lập cấu hình giúp người dùng dành lại quyền kiểm soát tốc độ Windows XP và truy cập Internet, an toàn dữ liệu khi sử dụng Internet...

Đã lưu trong:
Sonraí Bibleagrafaíochta
Formáid: Leabhar
Teanga:Undetermined
Foilsithe: Thành phố Hồ Chí Minh Thống kê 2006
Ábhair:
Clibeanna: Cuir Clib Leis
Gan Chlibeanna, Bí ar an gcéad duine leis an taifead seo a chlibeáil!
Thư viện lưu trữ: Trung tâm Học liệu Trường Đại học Cần Thơ
LEADER 00801nam a2200193Ia 4500
001 CTU_101186
008 210402s9999 xx 000 0 und d
020 |c 53000 
082 |a 005.43769 
082 |b Gi103 
245 0 |a Giải pháp tăng tốc Windows XP 
245 0 |c VN-Guide biên dịch 
260 |a Thành phố Hồ Chí Minh 
260 |b Thống kê 
260 |c 2006 
520 |a Giới thiệu thủ thuật, cách tinh chỉnh và xác lập cấu hình giúp người dùng dành lại quyền kiểm soát tốc độ Windows XP và truy cập Internet, an toàn dữ liệu khi sử dụng Internet... 
650 |a Windows ( computer programs ) 
904 |i Minh 
980 |a Trung tâm Học liệu Trường Đại học Cần Thơ